El totí en eínai en su acaecerse ontológico

Bewaard in:
Bibliografische gegevens
Hoofdauteur: Evans Civit, Jorge H (Auteur)
Formaat: Boek
Taal:Spaans
Gepubliceerd in: Mendoza Facultad de Filosofía y Letras de la Universidad Nacional de Cuyo 2007
Editie:1a. ed
Onderwerpen:
Tags: Voeg label toe
Geen labels, Wees de eerste die dit record labelt!

MARC

LEADER 00000nam a2200000 a 4500
001 UCH0129
003 CL-VaPUC
008 090108e20070000AG |||||||||||||||||spa|d
020 |a 9789507741302 
082 0 4 |a 128.33  |b EVA  |2 21 
100 |a Evans Civit, Jorge H  |e author  |9 590394 
245 1 3 |a El totí en eínai en su acaecerse ontológico 
250 |a 1a. ed 
300 |a 309 p 
942 |c BK 
945 |d 20090108 00:00:00  |a jtorresc 
260 |a Mendoza  |b Facultad de Filosofía y Letras de la Universidad Nacional de Cuyo  |c 2007 
650 0 |a Razonamiento  |9 256520 
650 0 |a Razón   |9 314475 
650 0 |a Lógica  |9 256849 
583 |a last modification  |c 20130104 08:29:19  |k Rodrigo Vera 
999 |c 332506  |d 332504 
952 |0 0  |1 0  |4 0  |6 128_330000000000000_EVA_2007  |7 0  |8 A  |9 420283  |a BIBEDU  |b BIBEDU  |d 2019-11-22  |i 4511441  |o 128.33 EVA 2007  |p 4511441  |r 2019-11-22  |w 2019-11-22  |y BK  |k FIL